[Event "Mittelrhein Verbandsliga-M 1112"]
[Site "Germany"]
[Date "2012.05.20"]
[Round "11.8"]
[White "Schneider, Sebastian"]
[Black "Preehl, Franz Josef"]
[Result "1/2-1/2"]
[WhiteElo "1612"]
[BlackElo "1760"]
[PlyCount "51"]
[EventDate "2011.09.18"]
[EventType "team-tourn"]
[EventRounds "11"]
[EventCountry "GER"]
[SourceTitle "EXT 2013"]
[Source "ChessBase"]
[SourceDate "2012.11.22"]
[SourceVersion "1"]
[SourceVersionDate "2012.11.22"]
[SourceQuality "1"]
[WhiteTeam "Godesberg V"]
[BlackTeam "Koeln Ford SF II"]
[WhiteTeamCountry "GER"]
[BlackTeamCountry "GER"]

1. e4 e5 2. Nf3 Nc6 3. d4 exd4 4. Nxd4 d6 5. Bc4 Nf6 6. Nc3 Be7 7. 0-0 0-0 8. h3 Ne5 9. Bb3 c5 10. Nf3 Ng6 11. Be3 Qc7 12. Qe2 a6 13. Nd5 Nxd5 14. Bxd5 Bf6 15. c3 Bd7 16. Rfe1 Ne7 17. Bb3 Bc6 18. Bf4 Ng6 19. Bg3 Rfe8 20. Qd3 Rad8 21. Rad1 Ne5 22. Qe3 Qe7 23. Bd5 Bxd5 24. exd5 Nxf3+ 25. Qxf3 Qd7 26. Qd3 1/2-1/2